000 01557nam0a2200301 4500
001 RU\NLR\bibl\1413469
005 20250615211931.0
021 _aRU
_b2009-55491
_93420
035 _a(NLR Aleph) 001405443
090 _a1249017
_c1249017
100 _a20090916d2009 |||y0rusy50 ca
101 0 _arus
102 _aRU
105 _ach |||||||||
200 1 _aКуда идешь, Россия?
_fК.И. Курбаков
_gМ-во образования и науки Рос. Федерации, Координац. обществ. науч.-метод. совет Минобрнауки РФ по направлениям: "Информатика", "Прикладная информатика", "Информационные системы" (по областям) КОС-ИНФ
210 _aМосква
_cКОС-ИНФ
_d2009
215 _a128 с. [разд. паг.]
_cфакс., портр.
_d21
300 _aВ конце кн. авт.: Курбаков К.И., д.т.н., проф., акад., чл. Акад. естеств. наук РФ и Междунар. акад. информатизации
320 _aБиблиогр. в конце кн.
606 1 _aСоциально-экономическое развитие
_xУправление
_92172504
_3RU\NLR\auth\661306764
686 _aУ21(2)
686 _aУ010.066
700 1 _aКурбаков
_bК. И.
_f1927-
_gКонстантин Иванович
_4070
801 0 _aRU
_bNLR
_c20090916
_gRCR
801 1 _aRU
_bNLR
_c20090916
942 _cBOOK
980 _aNB